000 00428nam a22001457a 4500
999 _c14935
_d14935
003 OSt
082 _2631.3 SAL/DE
088 _aT 363
100 _aSALSAN K
_91856
245 _aDesign and development of a lime applicator attachment to tractor operated rotavator
260 _aTavanur 2017
_bKelappaji College of Agricultural Engineering and Technology
300 _a93
700 _aDr. Preman P.S (Guide)
_92190
942 _cTH